[Event "29ème Open International d'Echecs d'Avoi"]
[Site "Avoine"]
[Date "2014.07.19"]
[Round "4.1"]
[White "Doluhanova, Evgeniya"]
[Black "Lagarde, Maxime"]
[Result "0-1"]
[WhiteElo "2334"]
[BlackElo "2521"]
[PlyCount "80"]
[EventDate "2014.??.??"]

1. e4 c5 2. Nf3 d6 3. d4 cxd4 4. Nxd4 Nf6 5. Nc3 a6 6. Be3 e6 7. f3 b5 8. Qd2
Nbd7 9. g4 Nb6 10. g5 Nfd7 11. a4 Nc4 12. Bxc4 bxc4 13. h4 Qa5 14. h5 Bb7 15.
O-O-O Nb6 16. g6 Nxa4 17. gxf7+ Kxf7 18. Nxa4 Qxa4 19. Kb1 a5 20. Rhg1 Qd7 21.
Bg5 a4 22. h6 g6 23. Qc3 e5 24. Qxc4+ d5 25. exd5 Bxd5 26. Nb5 Bxc4 27. Rxd7+
Ke6 28. Rb7 Bc5 29. Rg4 Be2 30. Nc7+ Kf5 31. Rg3 Rhb8 32. Rxb8 Rxb8 33. Bc1 Bd4
34. Nd5 Ke6 35. Ne3 a3 36. b4 Rxb4+ 37. Ka2 Rb7 38. Kxa3 Rf7 39. c4 Bxf3 40.
Bd2 Be4 0-1

[Event "29ème Open International d'Echecs d'Avoi"]
[Site "Avoine"]
[Date "2014.07.19"]
[Round "4.2"]
[White "Castellanos Rodrigue, Renier"]
[Black "Purenne, Benoit"]
[Result "1/2-1/2"]
[WhiteElo "2479"]
[BlackElo "2225"]
[PlyCount "102"]
[EventDate "2014.??.??"]

1. e4 c5 2. Nf3 g6 3. Bc4 Bg7 4. c3 d6 5. O-O Nf6 6. Qa4+ Nbd7 7. e5 dxe5 8.
Bxf7+ Kxf7 9. Ng5+ Ke8 10. Qc4 e6 11. Nxe6 Nb6 12. Nxg7+ Ke7 13. Qxc5+ Kf7 14.
Qxe5 Kxg7 15. d4 Re8 16. Qg3 Ne4 17. Qf4 Qf6 18. Qh6+ Kg8 19. Nd2 Qg5 20. Nxe4
Qxh6 21. Bxh6 Rxe4 22. Rfe1 Bf5 23. Rxe4 Bxe4 24. Re1 Re8 25. b3 Kf7 26. c4 Bf5
27. Be3 Nd7 28. f3 Bb1 29. Rxb1 Rxe3 30. Rb2 Rd3 31. d5 Ne5 32. Kf2 Rc3 33. Re2
Nd3+ 34. Kg3 Nc1 35. Rd2 a5 36. Kf4 a4 37. bxa4 Rxc4+ 38. Ke5 Ke7 39. Rd4 Rxd4
40. Kxd4 Kd6 41. Kc4 Nxa2 42. f4 Nc1 43. g3 h5 44. a5 Kc7 45. Kc3 h4 46. gxh4
Ne2+ 47. Kc4 Nxf4 48. Kc5 Nd3+ 49. Kc4 Nf4 50. Kc5 Nd3+ 51. Kc4 Nf4 1/2-1/2

[Event "29ème Open International d'Echecs d'Avoi"]
[Site "Avoine"]
[Date "2014.07.19"]
[Round "4.3"]
[White "Sochacki, Christophe"]
[Black "Belenkaya, Dina"]
[Result "0-1"]
[WhiteElo "2449"]
[BlackElo "2223"]
[PlyCount "138"]
[EventDate "2014.??.??"]

1. Nf3 d5 2. c4 dxc4 3. Na3 a6 4. Nxc4 b5 5. Ne3 Bb7 6. g3 Nf6 7. Bg2 e6 8. O-O
Be7 9. b3 O-O 10. Bb2 Nbd7 11. Rc1 c5 12. Qc2 Qb6 13. Rfd1 Rac8 14. Qb1 Qa7 15.
Qa1 Rfd8 16. d3 Qa8 17. h3 Bf8 18. Ng4 Be7 19. Ne3 Bf8 20. g4 Nd5 21. Nxd5 Bxd5
22. g5 a5 23. e4 Bb7 24. Ne5 a4 25. h4 a3 26. Bc3 b4 27. Nxd7 Rxd7 28. Be5 Rcd8
29. Qb1 Ba6 30. Bf1 Bb5 31. Rd2 Qa6 32. Rcd1 Qb6 33. Qa1 Qb7 34. f3 Qa6 35. h5
Bxd3 36. h6 c4 37. Bxg7 c3 38. Bxc3 bxc3 39. Qxc3 Qa7+ 40. Kh1 Bxf1 41. Rxd7
Rxd7 42. Rxf1 Qd4 43. Qc8 Qd3 44. Kg2 Qb5 45. Qc1 Qe5 46. Rf2 Rc7 47. Qd2 Bd6
48. Kf1 Rc6 49. Qe3 Qc5 50. Qxc5 Rxc5 51. Rd2 Be7 52. f4 Rc7 53. Ke2 f6 54.
gxf6 Bxf6 55. e5 Be7 56. Kf3 Kf7 57. Ke4 Rc1 58. Rf2 Re1+ 59. Kd3 Rh1 60. Kc4
Rb1 61. Kc3 Bc5 62. Rg2 Bf8 63. Rd2 Rc1+ 64. Kd3 Bxh6 65. Rh2 Kg6 66. f5+ exf5
67. b4 Bf8 68. b5 Rb1 69. Kc4 Rb4+ 0-1

[Event "29ème Open International d'Echecs d'Avoi"]
[Site "Avoine"]
[Date "2014.07.19"]
[Round "4.4"]
[White "Naudion, Gregoire"]
[Black "Filip, Lucian"]
[Result "0-1"]
[WhiteElo "2167"]
[BlackElo "2458"]
[PlyCount "92"]
[EventDate "2014.??.??"]

1. d4 Nf6 2. c4 c5 3. d5 e6 4. Nc3 exd5 5. cxd5 d6 6. e4 g6 7. Bg5 Bg7 8. f3 h6
9. Be3 O-O 10. Qd2 Re8 11. Be2 h5 12. Bd1 Nbd7 13. Nge2 Ne5 14. b3 Nh7 15. O-O
b5 16. Rc1 Bd7 17. Nf4 b4 18. Nb1 a5 19. Nd3 Nxd3 20. Qxd3 f5 21. Nd2 Ng5 22.
Bf4 Nf7 23. Nc4 Qf6 24. Nb6 fxe4 25. fxe4 Qd4+ 26. Qxd4 Bxd4+ 27. Kh1 Bb5 28.
Nxa8 Bxf1 29. Bf3 Bxg2+ 30. Bxg2 Rxa8 31. h4 Kg7 32. Bh3 Be5 33. Be3 a4 34. Rf1
axb3 35. axb3 Ra3 36. Be6 Nh8 37. Bg5 Rxb3 38. Be7 Ra3 39. Rf8 Ra7 40. Re8 Rb7
41. Bf8+ Kh7 42. Bg8+ Kxg8 43. Bxd6+ Kf7 44. Rf8+ Kg7 45. Rb8 Bxd6 46. Rxb7+
Nf7 0-1

[Event "29ème Open International d'Echecs d'Avoi"]
[Site "Avoine"]
[Date "2014.07.19"]
[Round "4.5"]
[White "Greenfeld, Alon"]
[Black "Gervasio, Ricardo"]
[Result "1-0"]
[WhiteElo "2540"]
[BlackElo "2281"]
[PlyCount "67"]
[EventDate "2014.??.??"]

1. Nf3 Nf6 2. c4 e6 3. Nc3 Bb4 4. g3 b6 5. Bg2 Bb7 6. d3 O-O 7. e4 Bxc3+ 8.
bxc3 d6 9. O-O c5 10. Ng5 Qc7 11. f4 Nc6 12. Rb1 h6 13. Nh3 Nh7 14. g4 e5 15.
g5 hxg5 16. fxg5 Ne7 17. Qh5 Bc8 18. Rf3 Ng6 19. Be3 Be6 20. Rbf1 Rfe8 21. Nf2
Rab8 22. Bh3 Ngf8 23. Bf5 g6 24. Qh6 gxf5 25. exf5 Bxf5 26. Rxf5 Re6 27. Qh5 f6
28. Ng4 Qg7 29. Rxf6 Rxf6 30. Rxf6 Rb7 31. Nh6+ Kh8 32. Nf5 Qg8 33. Nxd6 Ne6
34. Nxb7 1-0

[Event "29ème Open International d'Echecs d'Avoi"]
[Site "Avoine"]
[Date "2014.07.19"]
[Round "4.6"]
[White "Vedmediuc, Serghei"]
[Black "Vavric, Pavel"]
[Result "1/2-1/2"]
[WhiteElo "2430"]
[BlackElo "2235"]
[PlyCount "51"]
[EventDate "2014.??.??"]

1. e4 c5 2. c3 d5 3. exd5 Qxd5 4. d4 Nc6 5. Nf3 cxd4 6. cxd4 Bg4 7. Be2 e6 8.
Nc3 Qd7 9. O-O Nge7 10. Be3 Nf5 11. Qa4 Nxe3 12. fxe3 Bd6 13. Ne5 Nxe5 14.
Qxd7+ Nxd7 15. Bxg4 Bb4 16. Rac1 Ke7 17. Rf2 Bxc3 18. Rxc3 Rac8 19. Rfc2 Rxc3
20. Rxc3 Rb8 21. Bf3 Kd6 22. Ra3 a6 23. Rb3 Kc7 24. Rc3+ Kd6 25. Rb3 Kc7 26.
Rc3+ 1/2-1/2

[Event "29ème Open International d'Echecs d'Avoi"]
[Site "Avoine"]
[Date "2014.07.19"]
[Round "4.7"]
[White "Le Borgne, Pierre"]
[Black "Haub, Thorsten Michael"]
[Result "0-1"]
[WhiteElo "2280"]
[BlackElo "2429"]
[PlyCount "86"]
[EventDate "2014.??.??"]

1. e4 g6 2. d4 Bg7 3. Nc3 d6 4. Be3 a6 5. h4 h6 6. Qd2 Nd7 7. O-O-O b5 8. f3 e6
9. f4 Ndf6 10. Bd3 Ne7 11. Nf3 h5 12. Ng5 d5 13. exd5 exd5 14. Ne2 Nf5 15. Bf2
O-O 16. Ng3 Nxg3 17. Bxg3 Bg4 18. Rdf1 Re8 19. f5 Ne4 20. Bxe4 dxe4 21. fxg6
fxg6 22. Rf7 Bxd4 23. Qf4 Re7 24. Rf1 Qe8 25. Rxe7 Qxe7 26. Nxe4 Bf5 27. Re1
Qf7 28. Ng5 Qc4 29. Qxc7 Qxc7 30. Bxc7 Rc8 31. Ne6 Bf6 32. c3 Bxh4 33. g3 Bf6
34. Be5 Bxe5 35. Rxe5 Re8 36. Rxf5 gxf5 37. Nf4 Kf7 38. Nxh5 Re2 39. Nf4 Rh2
40. Nd5 Rg2 41. Nc7 Rxg3 42. Nxa6 f4 43. Kd1 Re3 0-1

[Event "29ème Open International d'Echecs d'Avoi"]
[Site "Avoine"]
[Date "2014.07.19"]
[Round "4.8"]
[White "Inkiov, Ventzislav"]
[Black "Malassagne, Raphael"]
[Result "1-0"]
[WhiteElo "2428"]
[BlackElo "2138"]
[PlyCount "41"]
[EventDate "2014.??.??"]

1. c4 c6 2. e4 d5 3. exd5 cxd5 4. cxd5 Nf6 5. Bb5+ Nbd7 6. Nc3 g6 7. Nf3 a6 8.
Qa4 Bg7 9. d4 O-O 10. Bxd7 Qxd7 11. Qb3 Qf5 12. O-O Rd8 13. Ne5 Ng4 14. f4 g5
15. h3 h5 16. hxg4 hxg4 17. fxg5 Bxe5 18. Rxf5 Bxd4+ 19. Rf2 g3 20. Ne4 gxf2+
21. Nxf2 1-0

[Event "29ème Open International d'Echecs d'Avoi"]
[Site "Avoine"]
[Date "2014.07.19"]
[Round "4.9"]
[White "Le Corre, Benjamin"]
[Black "Song, Julien"]
[Result "1/2-1/2"]
[WhiteElo "2272"]
[BlackElo "2417"]
[PlyCount "127"]
[EventDate "2014.??.??"]

1. e4 e6 2. d4 d5 3. Nc3 Nf6 4. exd5 exd5 5. Bf4 Be7 6. Qd2 O-O 7. Nge2 Bb4 8.
f3 Nbd7 9. a3 Be7 10. Ng3 Re8 11. O-O-O c6 12. Nf5 Bf8 13. g4 b5 14. Bd6 Nb6
15. Bxf8 Rxf8 16. Rg1 Bxf5 17. gxf5 Ne8 18. Bd3 Qf6 19. Rg4 Nc4 20. Qf4 Qd6 21.
Qxd6 Ncxd6 22. Rdg1 g6 23. Ne2 Kg7 24. Nf4 Kf6 25. fxg6 hxg6 26. h4 Rh8 27. Re1
Nf5 28. c3 Ned6 29. Rh1 Rh6 30. Kd2 Rah8 31. Ng2 a5 32. b3 Ke7 33. Re1+ Kd7 34.
Rh1 f6 35. f4 Rh5 36. Bxf5+ gxf5 37. Rg7+ Ke6 38. Kd3 Ne4 39. Ra1 Rxh4 40. Nxh4
Rxh4 41. Re1 Rxf4 42. Rg2 Rf3+ 43. Re3 Rf1 44. Rge2 Ra1 45. Rf3 Rxa3 46. Kc2
Ra2+ 47. Kd3 Ra1 48. Rb2 Rc1 49. Rc2 Rb1 50. b4 a4 51. Rg2 Rc1 52. Rc2 Rd1+ 53.
Ke2 Rg1 54. Kd3 Rg4 55. Ke3 Rg1 56. Kd3 Ra1 57. Ke3 Nd6 58. Rff2 Rh1 59. Rh2
Rf1 60. Rhf2 f4+ 61. Kxf4 Rh1 62. Rh2 Rf1+ 63. Rhf2 Rh1 64. Rh2 1/2-1/2

[Event "29ème Open International d'Echecs d'Avoi"]
[Site "Avoine"]
[Date "2014.07.19"]
[Round "4.10"]
[White "Lukasiewicz, Grzegorz"]
[Black "Petre, Nad-Titus"]
[Result "0-1"]
[WhiteElo "2265"]
[BlackElo "2371"]
[PlyCount "78"]
[EventDate "2014.??.??"]

1. d4 e6 2. Nf3 c5 3. e3 Nf6 4. Bd3 d5 5. b3 Nc6 6. Bb2 cxd4 7. exd4 Be7 8. O-O
O-O 9. c4 b6 10. Nbd2 Bb7 11. Qe2 Re8 12. Rac1 Bf8 13. a3 a5 14. Rfe1 Rc8 15.
Nf1 g6 16. Red1 Bh6 17. Rc2 Nh5 18. g3 Nf6 19. Ne3 Bg7 20. c5 Ne4 21. cxb6 Qxb6
22. Bb5 Nd6 23. Ba4 Ba6 24. Qd2 Bb5 25. Bxb5 Qxb5 26. Rdc1 Ne7 27. Rxc8 Rxc8
28. Rxc8+ Nexc8 29. Qc2 Bf8 30. Ng4 h5 31. Nge5 Ne7 32. Kg2 Ne4 33. h3 Qb7 34.
Bc1 f6 35. Nd3 Qc6 36. Nfe1 Qxc2 37. Nxc2 Nc6 38. f3 Nc3 39. Bb2 Nb5 0-1

[Event "29ème Open International d'Echecs d'Avoi"]
[Site "Avoine"]
[Date "2014.07.19"]
[Round "4.11"]
[White "Bon, Michael"]
[Black "Frick, Christoph"]
[Result "1/2-1/2"]
[WhiteElo "2353"]
[BlackElo "2246"]
[PlyCount "46"]
[EventDate "2014.??.??"]

1. e4 c6 2. d4 d5 3. f3 dxe4 4. fxe4 e5 5. Nf3 Bg4 6. Bc4 Nd7 7. O-O Ngf6 8. c3
Bd6 9. Qb3 O-O 10. Qxb7 exd4 11. Qxc6 Ne5 12. Nxe5 Bxe5 13. Bd5 Rc8 14. Qb5 Qc7
15. h3 Bd7 16. Qd3 Nh5 17. g4 dxc3 18. Nxc3 Qb6+ 19. Kg2 Qg6 20. Rf5 Bxf5 21.
exf5 Qd6 22. gxh5 Rfd8 23. Bg5 Rxc3 1/2-1/2

[Event "29ème Open International d'Echecs d'Avoi"]
[Site "Avoine"]
[Date "2014.07.19"]
[Round "4.12"]
[White "Ternault, Mathieu"]
[Black "Perrin, Guillaume"]
[Result "0-1"]
[WhiteElo "2220"]
[BlackElo "2294"]
[PlyCount "130"]
[EventDate "2014.??.??"]

1. d4 Nf6 2. c4 e6 3. Nc3 Bb4 4. Qc2 d5 5. Bg5 h6 6. Bxf6 Qxf6 7. e3 c5 8. dxc5
O-O 9. Rc1 d4 10. exd4 Nc6 11. Nf3 e5 12. dxe5 Nxe5 13. Nxe5 Qxe5+ 14. Be2 Re8
15. Kf1 Bf5 16. Bd3 Bxd3+ 17. Qxd3 Rad8 18. Qc2 Bxc3 19. bxc3 Qf4 20. g3 Qxc4+
21. Kg2 Re2 22. Qf5 g6 23. Qf3 Rdd2 24. Rhf1 Qxc5 25. a4 b6 26. Rce1 Qe7 27.
Rxe2 Rxe2 28. Rd1 Kg7 29. Rd4 Re5 30. Rf4 Rc5 31. h4 h5 32. Kh2 Rc7 33. Qd3 Qe5
34. Qf3 Qe7 35. Qd3 Qe5 36. Qf3 Qc5 37. Kg1 Kg8 38. Qa8+ Kg7 39. Qf3 Kg8 40.
Qa8+ Qf8 41. Qf3 Qc8 42. Qd5 Qd7 43. Qe5 Qe7 44. Qxe7 Rxe7 45. a5 bxa5 46. Ra4
Re5 47. Rc4 Re6 48. Ra4 Ra6 49. Kf1 Kf8 50. Ke2 Ke7 51. Kd3 Kd6 52. Kd4 Kc7 53.
c4 Rd6+ 54. Ke3 Kb6 55. c5+ Kxc5 56. Rxa5+ Kb6 57. Ra2 a5 58. Ke4 Kb5 59. Rb2+
Kc4 60. Rb7 Re6+ 61. Kf4 f5 62. f3 Ra6 63. Rc7+ Kb5 64. Rc1 a4 65. Rb1+ Kc4 0-1

[Event "29ème Open International d'Echecs d'Avoi"]
[Site "Avoine"]
[Date "2014.07.19"]
[Round "4.14"]
[White "Ollier, Milan"]
[Black "Shirazi, Kamran"]
[Result "1/2-1/2"]
[WhiteElo "2205"]
[BlackElo "2363"]
[PlyCount "127"]
[EventDate "2014.??.??"]

1. e4 c5 2. Nf3 a6 3. c4 Nc6 4. Nc3 e5 5. d3 h6 6. Be2 b5 7. cxb5 axb5 8. Nxb5
Nd4 9. Nbxd4 cxd4 10. O-O d6 11. Nd2 Nf6 12. Nc4 Be7 13. a4 O-O 14. Bd2 Be6 15.
b3 Qb8 16. f4 Rc8 17. a5 Ra6 18. f5 Bxc4 19. bxc4 Qa7 20. Kh1 Bd8 21. Qa4 Nd7
22. Rfb1 Bg5 23. Bxg5 hxg5 24. Rb5 Nc5 25. Qb4 Ra8 26. h3 Qc7 27. Kh2 Qd8 28.
Kg3 Kh7 29. Qd2 g6 30. Bg4 Kg7 31. Ra3 Qe7 32. Qb4 Qd8 33. Qd2 R8a7 34. Qb4 Qh8
35. Kh2 Qh4 36. g3 Qh6 37. fxg6 Qxg6 38. Rb6 Qf6 39. Bf5 Qd8 40. Rxa6 Rxa6 41.
Kg2 Ra7 42. Qd2 Nb7 43. a6 Nc5 44. Qa2 f6 45. Qe2 Rxa6 46. Rxa6 Nxa6 47. Qh5
Qh8 48. Qxh8+ Kxh8 49. Kf3 Kg7 50. Ke2 Kf8 51. Kd2 Ke7 52. Ke2 Nc7 53. Kf2 Ne8
54. Kf3 Nc7 55. Kf2 Kf7 56. Bd7 Na8 57. Bf5 Nb6 58. Ke2 Na4 59. Kd2 Kg7 60. Bc8
Nc3 61. Bf5 Kf8 62. Bc8 Na2 63. Bf5 Nb4 64. Bd7 1/2-1/2

[Event "29ème Open International d'Echecs d'Avoi"]
[Site "Avoine"]
[Date "2014.07.19"]
[Round "4.15"]
[White "Colin, Vincent"]
[Black "Micottis, Dorian"]
[Result "1-0"]
[WhiteElo "2435"]
[BlackElo "2108"]
[PlyCount "63"]
[EventDate "2014.??.??"]

1. d4 Nf6 2. Nf3 g6 3. c4 Bg7 4. Nc3 d5 5. Bg5 Ne4 6. Bh4 Nxc3 7. bxc3 dxc4 8.
e3 b5 9. a4 c6 10. Nd2 Bb7 11. Qb1 Qb6 12. Be2 Nd7 13. Bf3 Rc8 14. O-O Bf6 15.
Qe4 Ba6 16. Rfb1 Bxh4 17. Qxh4 Qc7 18. axb5 Bxb5 19. Be2 Nb6 20. Qh6 Ra8 21.
Ne4 Nd5 22. Qg7 Rf8 23. Qxh7 a5 24. Bf3 a4 25. Ra3 Qd7 26. Nc5 Qd6 27. Qg7 Nb6
28. Rb4 Ra7 29. Ne4 Qe6 30. Ng5 Qf6 31. Qxf8+ Kxf8 32. Nh7+ 1-0

[Event "29ème Open International d'Echecs d'Avoi"]
[Site "Avoine"]
[Date "2014.07.19"]
[Round "4.16"]
[White "Godart, Francois"]
[Black "Lebret, Jean-Michel"]
[Result "1-0"]
[WhiteElo "2399"]
[BlackElo "2059"]
[PlyCount "59"]
[EventDate "2014.??.??"]

1. d4 Nf6 2. Nf3 e6 3. Nbd2 d5 4. e3 c5 5. c3 Nc6 6. Bd3 Bd6 7. O-O O-O 8. dxc5
Bxc5 9. b4 Bd6 10. Bb2 e5 11. e4 dxe4 12. Nxe4 Nxe4 13. Bxe4 Be6 14. Qd3 f5 15.
Bd5 Qe7 16. Rfd1 Rad8 17. Bxe6+ Qxe6 18. Ng5 Qh6 19. Qc4+ Kh8 20. Ne6 e4 21.
Rxd6 Rxd6 22. Nxf8 Qf6 23. b5 Ne5 24. Qc7 Rd2 25. c4 Nf3+ 26. gxf3 Qxb2 27. Rf1
exf3 28. Qc8 h6 29. Ng6+ Kh7 30. Ne7 1-0

[Event "29ème Open International d'Echecs d'Avoi"]
[Site "Avoine"]
[Date "2014.07.19"]
[Round "4.17"]
[White "Rubino, William"]
[Black "Okhotnik, Vladimir"]
[Result "0-1"]
[WhiteElo "2116"]
[BlackElo "2396"]
[PlyCount "110"]
[EventDate "2014.??.??"]

1. e4 c6 2. d4 d5 3. e5 Bf5 4. Nf3 e6 5. Be2 h6 6. O-O Ne7 7. Nbd2 Nd7 8. Nb3
Bh7 9. a4 a5 10. Re1 Nc8 11. Be3 Be7 12. Nc1 g5 13. Bd3 Bxd3 14. Nxd3 Nf8 15.
Nd2 h5 16. h3 Ng6 17. f4 gxf4 18. Nxf4 Nxf4 19. Bxf4 Bg5 20. Qf3 Bxf4 21. Qxf4
Ne7 22. Ra3 Nf5 23. Rb3 Rb8 24. Nf1 Qh4 25. Qxh4 Nxh4 26. Ne3 Ke7 27. Kf2 Rhf8
28. g3 Ng6 29. Ng2 f6 30. exf6+ Rxf6+ 31. Rf3 b5 32. axb5 Rxb5 33. b3 c5 34.
Ne3 Rxf3+ 35. Kxf3 Kd6 36. dxc5+ Rxc5 37. Rd1 Rc3 38. Ke2 Ne5 39. Ra1 d4 40.
Nc4+ Nxc4 41. bxc4 Rxg3 42. h4 Rh3 43. Rxa5 e5 44. Kd2 Rxh4 45. Kd3 Rh3+ 46.
Ke4 Re3+ 47. Kf5 h4 48. Rd5+ Kc6 49. Rd8 h3 50. Ke6 h2 51. Ra8 Kb6 52. Rh8 Kc5
53. Rxh2 Kxc4 54. Rh5 Kc3 55. Rh2 e4 0-1

[Event "29ème Open International d'Echecs d'Avoi"]
[Site "Avoine"]
[Date "2014.07.19"]
[Round "4.18"]
[White "Manea, Alexandru"]
[Black "Monpeurt, Cyrielle"]
[Result "1/2-1/2"]
[WhiteElo "2373"]
[BlackElo "2045"]
[PlyCount "29"]
[EventDate "2014.??.??"]

1. g3 Nf6 2. Bg2 g6 3. e4 d6 4. d4 Bg7 5. c4 c5 6. Ne2 O-O 7. Nbc3 cxd4 8. Nxd4
Nc6 9. Nxc6 bxc6 10. O-O Be6 11. Qd3 Ng4 12. b3 Qa5 13. Bd2 Qh5 14. h4 Ne5 15.
Qe2 1/2-1/2

[Event "29ème Open International d'Echecs d'Avoi"]
[Site "Avoine"]
[Date "2014.07.19"]
[Round "4.19"]
[White "Bujisho, Benjamin"]
[Black "Amarger, Vincent"]
[Result "1-0"]
[WhiteElo "2367"]
[BlackElo "2035"]
[PlyCount "89"]
[EventDate "2014.??.??"]

1. e4 d6 2. d4 Nf6 3. Nc3 e5 4. Nf3 Nbd7 5. Bc4 Be7 6. O-O O-O 7. a4 c6 8. Qe2
b6 9. Rd1 Qc7 10. d5 cxd5 11. Nxd5 Nxd5 12. Bxd5 Bb7 13. Bxb7 Qxb7 14. c4 Nc5
15. Re1 f5 16. exf5 Rxf5 17. Be3 Raf8 18. Nd2 Ne4 19. Nxe4 Qxe4 20. a5 Qb7 21.
axb6 axb6 22. Red1 Bg5 23. Rxd6 Bxe3 24. fxe3 Qf7 25. Rd2 e4 26. Rc1 h5 27. b4
Qe7 28. c5 bxc5 29. Qc4+ Kh7 30. bxc5 Rc8 31. c6 Rc7 32. Rd5 Rxd5 33. Qxd5 g6
34. h3 Qa3 35. Qd2 Qd3 36. Qc3 Qd5 37. Qc4 Qd2 38. Qc3 Qd5 39. Qd4 Qe6 40. Qc5
Kg7 41. Qb6 Qe5 42. Qd4 Kf6 43. Rc3 Qxd4 44. exd4 Ke6 45. Kf2 1-0

[Event "29ème Open International d'Echecs d'Avoi"]
[Site "Avoine"]
[Date "2014.07.19"]
[Round "4.20"]
[White "Grigorian, Roudolph"]
[Black "Kirk, Ezra"]
[Result "1/2-1/2"]
[WhiteElo "2107"]
[BlackElo "2308"]
[PlyCount "61"]
[EventDate "2014.??.??"]

1. d4 Nf6 2. Nf3 g6 3. c4 Bg7 4. Nc3 O-O 5. e4 d6 6. Be2 Nbd7 7. O-O e5 8. d5
Nc5 9. Nd2 a5 10. b3 Bh6 11. Qc2 Ne8 12. a3 f5 13. Rb1 Nf6 14. b4 axb4 15. axb4
Bxd2 16. Bxd2 Ncxe4 17. Nxe4 Nxe4 18. Bh6 Rf7 19. f3 Qh4 20. Be3 f4 21. fxe4
fxe3 22. Rxf7 Kxf7 23. Rf1+ Kg7 24. c5 Bg4 25. cxd6 cxd6 26. Qc7+ Kh6 27. g3
Qh5 28. Rf7 Rh8 29. Qxd6 Bxe2 30. Qf6 Rg8 31. Qe7 1/2-1/2

[Event "29ème Open International d'Echecs d'Avoi"]
[Site "Avoine"]
[Date "2014.07.19"]
[Round "4.21"]
[White "Bouget, Alexandre"]
[Black "Leharanger, Guillaume"]
[Result "1-0"]
[WhiteElo "2287"]
[BlackElo "2026"]
[PlyCount "49"]
[EventDate "2014.??.??"]

1. d4 Nf6 2. c4 c5 3. d5 e6 4. Nc3 exd5 5. cxd5 d6 6. e4 g6 7. f4 Bg7 8. e5
Nfd7 9. Ne4 dxe5 10. Nd6+ Ke7 11. Nxc8+ Qxc8 12. Nf3 Re8 13. f5 e4 14. Ng5 h6
15. d6+ Kf8 16. Nxf7 Ne5 17. Nxe5 Rxe5 18. f6 Bxf6 19. Bxh6+ Bg7 20. Be3 Qe6
21. Be2 Nc6 22. O-O+ Rf5 23. Bxc5 Kg8 24. Rxf5 Qxf5 25. Be3 1-0

[Event "29ème Open International d'Echecs d'Avoi"]
[Site "Avoine"]
[Date "2014.07.19"]
[Round "4.22"]
[White "Marimoutou, Loic"]
[Black "Coursaget, Nicolas"]
[Result "1-0"]
[WhiteElo "2081"]
[BlackElo "2274"]
[PlyCount "132"]
[EventDate "2014.??.??"]

1. e4 Nf6 2. d3 d6 3. f4 c5 4. Nf3 Nc6 5. Be2 g6 6. O-O Bg7 7. c3 a6 8. Qe1 b5
9. Qh4 b4 10. c4 Ng4 11. h3 Nd4 12. Bd1 h5 13. Qe1 Nh6 14. Nbd2 Ne6 15. Ng5
Nxg5 16. fxg5 Ng8 17. Nf3 e6 18. Qf2 Qc7 19. Be3 e5 20. Nh4 Be6 21. Ba4+ Kd8
22. a3 bxa3 23. Rxa3 Ne7 24. b4 Nc6 25. bxc5 dxc5 26. Bxc5 Nd4 27. Bxd4 exd4
28. Rb3 Ke7 29. Rfb1 Rab8 30. Qb2 Be5 31. Nf3 Rxb3 32. Qxb3 Rb8 33. Qxb8 Qxb8
34. Rxb8 Bxb8 35. Kf1 Ba7 36. Bc6 Kd6 37. Bd5 a5 38. Ke2 Bc5 39. Kd1 a4 40. Kc2
Bb6 41. Kb2 Bc5 42. Ka2 a3 43. Kb3 Ke7 44. Ne5 Kd6 45. Nc6 Bd7 46. e5+ Kc7 47.
Na5 h4 48. Ka2 Ba4 49. Nb3 Bxb3+ 50. Kxb3 Kd7 51. Bxf7 Ke7 52. Bxg6 Ke6 53. Be4
Kxe5 54. g3 hxg3 55. h4 Be7 56. h5 a2 57. Kxa2 Bxg5 58. c5 Be7 59. h6 Kf6 60.
h7 Kg7 61. c6 Bd8 62. Kb3 g2 63. Bxg2 Kxh7 64. Kc4 Kg7 65. Kd5 Bc7 66. Ke6 Kf8
1-0

[Event "29ème Open International d'Echecs d'Avoi"]
[Site "Avoine"]
[Date "2014.07.19"]
[Round "4.23"]
[White "Soyer, Jean-Yves"]
[Black "Le Huec, Marc"]
[Result "1/2-1/2"]
[WhiteElo "2080"]
[BlackElo "2267"]
[PlyCount "55"]
[EventDate "2014.??.??"]

1. Nf3 g6 2. e4 Bg7 3. d4 d6 4. c3 Nf6 5. Bd3 O-O 6. O-O Nbd7 7. Qe2 e5 8. dxe5
dxe5 9. Rd1 h6 10. Bc4 Nh5 11. g3 Qf6 12. Ne1 Nb6 13. Bb3 a5 14. a4 Qc6 15. f3
Kh7 16. Be3 f5 17. exf5 gxf5 18. Bf2 Qg6 19. Ng2 Kh8 20. Nd2 Ra6 21. Kh1 Qe8
22. Bc5 Rf6 23. Re1 Nd7 24. Bf2 Rf8 25. Rad1 Nhf6 26. Nf1 Qh5 27. Rd2 Re8 28.
Red1 1/2-1/2

[Event "29ème Open International d'Echecs d'Avoi"]
[Site "Avoine"]
[Date "2014.07.19"]
[Round "4.24"]
[White "Heurtebize, Christophe"]
[Black "Kambrath, Yannick"]
[Result "0-1"]
[WhiteElo "2067"]
[BlackElo "2259"]
[PlyCount "76"]
[EventDate "2014.??.??"]

1. c4 e5 2. g3 Nc6 3. Bg2 f5 4. e3 Nf6 5. Nc3 g6 6. d3 Bg7 7. Nge2 O-O 8. O-O
d6 9. f4 Re8 10. Rb1 exf4 11. Nxf4 Ne5 12. d4 Neg4 13. Re1 g5 14. Nfd5 c6 15.
Nxf6+ Qxf6 16. d5 c5 17. h3 Ne5 18. Qe2 Bd7 19. Rf1 Ng6 20. Qf2 a6 21. Bd2 Rf8
22. Ne2 Qe7 23. b4 b6 24. bxc5 bxc5 25. Rb7 Ne5 26. Bc3 Nxc4 27. Bxg7 Kxg7 28.
Nc3 Rf7 29. e4 Qe5 30. Nd1 Raf8 31. Qe2 Qd4+ 32. Kh2 Nd2 33. Re1 Nxe4 34. Qxa6
Qxd5 35. Qa7 Bc6 36. Re7 Rxe7 37. Qxe7+ Rf7 38. Rxe4 fxe4 0-1

[Event "29ème Open International d'Echecs d'Avoi"]
[Site "Avoine"]
[Date "2014.07.19"]
[Round "4.25"]
[White "Lukasiewicz, Anna"]
[Black "Marie, Maxime"]
[Result "1/2-1/2"]
[WhiteElo "2062"]
[BlackElo "2211"]
[PlyCount "89"]
[EventDate "2014.??.??"]

1. e4 c5 2. Nf3 Nc6 3. d4 cxd4 4. Nxd4 Nf6 5. Nc3 e5 6. Ndb5 d6 7. Bg5 a6 8.
Na3 b5 9. Nd5 Be7 10. Bxf6 Bxf6 11. c3 Bg5 12. Nc2 O-O 13. a4 bxa4 14. Rxa4 a5
15. Bc4 Rb8 16. b3 Kh8 17. O-O f5 18. exf5 Bxf5 19. Nce3 Bxe3 20. Nxe3 Bg6 21.
Qd2 e4 22. Bd5 Ne5 23. Bxe4 Rxb3 24. Bxg6 Nxg6 25. Rd4 Qc7 26. c4 a4 27. Rxd6
a3 28. Ra6 Qf4 29. Qd1 Rb2 30. Rxa3 Rxf2 31. Qe1 Rxf1+ 32. Qxf1 Qg5 33. Qa1 h5
34. Nd5 h4 35. h3 Ne5 36. Ra8 Rxa8 37. Qxa8+ Kh7 38. Qa2 Nf3+ 39. Kf2 Qg3+ 40.
Ke3 Nd2+ 41. Kd4 Nb3+ 42. Ke4 Nc5+ 43. Kd4 Ne6+ 44. Ke4 Ng5+ 45. Kd4 1/2-1/2

[Event "29ème Open International d'Echecs d'Avoi"]
[Site "Avoine"]
[Date "2014.07.19"]
[Round "4.26"]
[White "Maloberti, David"]
[Black "Ribeiro, Romain"]
[Result "1-0"]
[WhiteElo "2037"]
[BlackElo "2204"]
[PlyCount "123"]
[EventDate "2014.??.??"]

1. d4 e6 2. c4 b6 3. Nc3 Bb7 4. a3 f5 5. Nf3 Nf6 6. Bg5 Be7 7. e3 h6 8. Bxf6
Bxf6 9. Bd3 c5 10. O-O O-O 11. Rc1 Nc6 12. Nb5 Qb8 13. Be2 a6 14. Nc3 Qc7 15.
Qd3 Rad8 16. Rfd1 g5 17. h3 Bg7 18. d5 Ne5 19. Nxe5 Bxe5 20. Rc2 Bh2+ 21. Kf1
Bd6 22. Bf3 e5 23. e4 f4 24. Rb1 Rc8 25. Bg4 Rf7 26. Qf3 Rcf8 27. Bf5 Rf6 28.
Ke2 Qd8 29. Rh1 R6f7 30. a4 Rg7 31. Qh5 Qf6 32. f3 Rff7 33. Kf1 Kf8 34. h4 Ke7
35. hxg5 hxg5 36. Nd1 Kd8 37. Nf2 Kc7 38. Ng4 Qd8 39. Qh6 Rg8 40. Qh2 Rff8 41.
Qg1 Rh8 42. Rxh8 Rxh8 43. Nf2 Kb8 44. Nd3 Rh6 45. Bh3 Bc7 46. Ke2 d6 47. Qb1
Qe8 48. b3 Bc8 49. Nf2 Bxh3 50. gxh3 Bd8 51. Qg1 b5 52. axb5 axb5 53. Ra2 Qd7
54. Qa1 Qb7 55. Kf1 Rh7 56. Kg2 b4 57. Ra6 Bb6 58. Qa4 Rh8 59. Ng4 Rf8 60. Nh6
Rd8 61. Nf7 g4 62. hxg4 1-0

[Event "29ème Open International d'Echecs d'Avoi"]
[Site "Avoine"]
[Date "2014.07.19"]
[Round "4.27"]
[White "Bernard, Alien"]
[Black "Rodriguez Rodriguez, Antonio"]
[Result "0-1"]
[WhiteElo "2027"]
[BlackElo "2186"]
[PlyCount "47"]
[EventDate "2014.??.??"]

1. e4 Nf6 2. Nc3 d5 3. exd5 Nxd5 4. Bc4 e6 5. Nf3 Be7 6. O-O O-O 7. d4 b6 8.
Re1 Bb7 9. Ne4 Nd7 10. c3 c5 11. Bb3 Qc7 12. Bc2 cxd4 13. Nxd4 Nc5 14. Nxc5
Bxc5 15. Qd3 g6 16. Re4 e5 17. Nb5 Qc6 18. Bh6 Nf4 19. Bxf4 exf4 20. Nd4 Qxe4
21. Qxe4 Bxe4 22. Bxe4 Rad8 23. Nf3 Rfe8 24. Bc6 0-1

[Event "29ème Open International d'Echecs d'Avoi"]
[Site "Avoine"]
[Date "2014.07.19"]
[Round "4.28"]
[White "Pietrasanta, Jeremy"]
[Black "Noyer, Oliver"]
[Result "1-0"]
[WhiteElo "2179"]
[BlackElo "1999"]
[PlyCount "33"]
[EventDate "2014.??.??"]

1. e4 c6 2. d3 d5 3. Nd2 e5 4. Ngf3 Nd7 5. g3 Ngf6 6. exd5 cxd5 7. Bg2 Be7 8.
O-O O-O 9. Re1 Qc7 10. c4 d4 11. a3 Re8 12. b4 Rb8 13. c5 Nd5 14. Bb2 Nc3 15.
Qc2 Nf8 16. Rxe5 Be6 17. Ree1 1-0